Escudos Asia #1 - Estadísticas

Estadísticas generales
  • Esta prueba ha sido intentada 10 veces
    8 desde el último reinicio
  • La puntuación promedio es 87 de 110
Estadísticas de respuestas
Imagen Respuesta % Correcto
Adelaide United
100%
Al Ahli
100%
Al Ahli
100%
Al Ain
100%
Al Arabi
100%
Al Duhail
100%
Al Ettifaq
100%
Al Fayha
100%
Al Hilal
100%
Al Ittihad
100%
Al Jazira
100%
Al Muharraq
100%
Al Nassr
100%
Al Raed
100%
Al Rayyan
100%
Al Riyadh
100%
Al Shabab
100%
Al Shorta
100%
Al Taawoun
100%
Al Wasl
100%
Al Zawraa
100%
Auckland City
100%
Avispa Fukuoka
100%
Bali United
100%
Beijing Guoan
100%
Bengaluru
100%
Brisbane Roar
100%
Central Coast Mariners
100%
Cerezo Osaka
100%
Chennaiyin
100%
Daegu
100%
Dalian Pro
100%
East Bengal
100%
Esteghlal
100%
Foolad
100%
Gangwon
100%
Goa
100%
Gwangju
100%
Hyderabad
100%
Jeju United
100%
Jiangsu Suning
100%
Johor
100%
Jubilo Iwata
100%
Kashima Antlers
100%
Kashiwa Reysol
100%
Kawasaki Frontale
100%
Kerala Blasters
100%
Lion City Sailors
100%
Macarthur
100%
Melbourne City
100%
Melbourne Victory
100%
Mohun Bagan
100%
Mumbai City
100%
Nagoya Grampus
100%
Navbahor
100%
Newcastle Jets
100%
Odisha
100%
Pakhtakor
100%
Perth Glory
100%
Pohang Steelers
100%
Sagan Tosu
100%
Sanfrecce Hiroshima
100%
Semen Padang
100%
Seongnam
100%
Seoul
100%
Shandong Taishan
100%
Shanghai Shenhua
100%
Sharjah
100%
Suwon
100%
Sydney
100%
Tishreen
100%
Tokyo
100%
Tractor
100%
Ulsan Hyundai
100%
Urawa Red Diamonds
100%
Wellington Phoenix
100%
Western Sydney Wanderers
100%
Wuhan Three Towns
100%
Yokohama
100%
Yokohama Marinos
100%
Zhejiang
100%
Al Sadd
50%
Auckland
50%
Buriram United
50%
Busan IPark
50%
Gamba Osaka
50%
Jeonbuk Hyundai Motors
50%
Persepolis
50%
Persipura Jayapura
50%
Selangor
50%
Tokyo Verdy
50%
Vissel Kobe
50%
Zob Ahan
50%
Al Faisaly
0%
Al Fateh
0%
Al Gharafa
0%
Al Jaish
0%
Al Karamah
0%
Al Okhdood
0%
Al Qadsiah
0%
Al Seeb
0%
Bangkok United
0%
Guangzhou Evergrande
0%
Incheon
0%
Kitchee
0%
PAS Teheran
0%
SC Qatar
0%
Shanghai Port
0%
Suwon Samsung
0%
Western United
0%
No se encontraron pruebas coincidentes
Distribución de puntuación
Porcentaje de gente con cada puntuación
Porcentaje por número respondido
Historial de tus puntuaciones
No has intentado esta prueba desde el último reinicio